01328cam a2200337 a 450000100100000000500170001000800410002702000150006804000250008308200150010824501530012326000690027630000210034549000180036665100650038470000260044970000240047570000260049970000330052570000400055870000290059870000340062770000310066170000420069270000280073470000370076270000330079983000250083295201180085799900150097500000315820200929150340.0971223s1996 mx b f001 0 spa  a9682983231 aDO-SdBNPbspacBNPHU a917.3bQ3p01a¿Qué país es éste? :blos Estados Unidos y los gringos vistos por escritores mexicanos de los siglos XIX y XX /cEmmanuel Carballo...[et al]. aMéxico :bConsejo Nacional para la Cultura y las Artes,c1996. a383 p. ;c21 cm.1 aSello bermejo 4aEstados UnidosxDescripciones Y ViajesySIGLO XIX Y XX999731 aPiccato, Pablo,999741 aPineda, Adela999751 aDuffey, Patrick999761 aMarentes, Luis Antonio999771 aGutiérrez, León Guillermo999781 aFernós, Patricia999791 aGonzález Pelayo, Irma999801 aBrauchli, Leticia M.999811 aMartín del Campo, Emma Molina999821 aChávez, Alba N.999831 aÍñiguez, Marco Octavio999841 aGrau-Llevería, Elena99985 0aSello bermejo.99986 001052708MOaGRbGRcHDd2009-07-06iLF1l0o917.3 Q3pp3158-10r2020-06-25w2020-06-25y2ZPréstamo interno c2989d2989